Statistics for Survivor Record Holders

Click here to take the quiz!

General Stats

  • This quiz has been taken 58 times
  • The average score is 12 of 20

Answer Stats

HintAnswer% Correct
Won first two times playingSandra Diaz Twine
96%
Oldest WinnerBob Crowley
86%
Most days played of any manRob Mariano
86%
Voted out by default with no votes received all seasonCirie Fields
84%
Youngest WinnerFabio Birza
82%
Found the highest number of idolsRussell Hantz
82%
First perfect game (receives every jury vote with no votes against)JT Thomas
80%
First unanimous winnerEarl Cole
76%
Negated the highest number of votes with an immunity idolKelley Wentworth
76%
Most days played of any womanParvati Shallow
76%
Most days played before getting voted outAmanda Kimmel
74%
Won 5 consecutive individual immunitiesColby Donaldson
58%
Only returning player to never be eliminatedMichele Fitzgerald
54%
First eliminated by rock drawPaschal English
48%
Won 5 consecutive individual immunitiesTerry Dietz
48%
Only returning player to never receive a single voteMichael Skupin
36%
Most votes received across multiple seasonsAndrea Boehlke
32%
Eliminated at final 4 by fire with no votes received all seasonKara Kay
24%
Most votes received in a single seasonLaura Morett
24%
Was vulnerable at 15 tribal councils in one seasonLauren OConnell
14%

Score Distribution

Percentile by Number Answered

Percent of People with Each Score

Your Score History

You have not taken this quiz